000 00504nam a22001577a 4500
003 SGT
020 _a9789351402701
082 _a543.08, KAU
100 _aKAUR H.
245 _aINSTRUMENTAL METHODS OF CHEMICAL ANALYSIS
260 _aNEW DELHI
_bPRAGATI
_c2014
300 _a1176
650 _a`ANALYSIS CHEMISTRY
653 _aANALYTICAL AND STATISTICAL METHODS, SPECTROSCOPY, ELECTROANALYTICAL METHODS, THERMAL METHODS OF ANALYSIS, SEPARATION TECHNIQUES, MISCELLANEOUS METHODS
942 _2ddc
_cFPS
999 _c9347
_d9347